| 000 | 00807nac a22002051u 4500 | ||
|---|---|---|---|
| 010 | _a98008471 | ||
| 020 | _a0070230242 | ||
| 082 | 0 | 0 |
_a621.382 _bG446 |
| 090 |
_c916 _d916 |
||
| 100 | _aGibilisco, Stan. | ||
| 245 | 1 | 0 |
_aHandbook of radio and wireless technology / _cStan Gibilisco. |
| 260 |
_aNew York : _bMcGraw-Hill, _cc1999. |
||
| 300 |
_axiii, 621 p. : _bill. ; _c23 cm. |
||
| 504 | _aIncludes bibliographical references and index. | ||
| 650 | 0 | _aRadio. | |
| 650 | 0 | _aWireless communication systems. | |
| 856 | 4 | 2 |
_3Publisher description _uhttp://www.loc.gov/catdir/description/mh023/98008471.html |
| 942 |
_cBB _k621.382G446 |
||
| 999 |
_c916 _d916 |
||